La Orestea

שמור ב:
מידע ביבליוגרפי
Main Authors: Esquilo (autor), Calvo Martínez, José Luis (Author)
פורמט: ספר
שפה:ספרדית
יצא לאור: Madrid Editora Nacional 1984
סדרה:Biblioteca de la literatura y el pensamiento universales, 62
נושאים:
תגים: הוספת תג
אין תגיות, היה/י הראשונ/ה לתייג את הרשומה!

MARC

LEADER 00000nam a2200000 a 4500
001 UCX0393
003 CL-VaPUC
008 891016e19840000SP |||||||||||||||||spa|d
082 0 4 |a 882  |b ESQ  |2 21 
100 |a Esquilo  |e autor   |9 269410 
700 0 |a Calvo Martínez, José Luis  |e author  |9 315803 
245 1 3 |a La Orestea 
300 |a 230 p 
942 |c BK 
945 |d 19891016 00:00:00 
260 |a Madrid  |b Editora Nacional  |c 1984 
650 0 |a Tragedia griega  |9 265362 
650 7 |a TEATRO GRIEGO  |2 CL-VaPUC  |9 315804 
583 |a last modification  |c 19891016 00:00:00  |k Rodrigo Vera 
490 0 |a Biblioteca de la literatura y el pensamiento universales, 62 
999 |c 222002  |d 222000 
952 |0 0  |1 0  |4 0  |6 882_000000000000000_ESQ_1984  |7 0  |8 R  |9 216154  |a BIBEDU  |b BIBEDU  |c MCIRC  |d 2019-11-15  |i 2847523  |l 1  |o 882 ESQ 1984  |p 2847523  |r 2023-01-13  |s 2021-09-24  |w 2019-11-15  |y BK_R  |k LIT